000 00441nam a2200145Ia 4500
008 171212s9999 xx 000 0 und d
020 _a9781760460099
100 _aJones, Barry
245 _cJones, Barry
_aDictionary of World Biography
_b3rd Edition
260 _bANU E Press
_c2016
440 _aANU Lives Series in Biography
650 _aBiography -- Dictionaries
650 _aHistory
856 _uhttp://jstor.org/stable/j.ctt1bw1h8n
999 _c351076
_d351076